पलासी से विभाजन तक (Record no. 296769)

MARC details
000 -LEADER
fixed length control field 01124nam a2200265Ia 4500
003 - CONTROL NUMBER IDENTIFIER
control field OSt
005 - DATE AND TIME OF LATEST TRANSACTION
control field 20220923211212.0
008 - FIXED-LENGTH DATA ELEMENTS--GENERAL INFORMATION
fixed length control field 220922b |||||||| |||| 00| 0 hin d
020 ## - INTERNATIONAL STANDARD BOOK NUMBER
International Standard Book Number 9788125031888 (pbk)
037 ## - SOURCE OF ACQUISITION
Terms of availability Textual
040 ## - CATALOGING SOURCE
Original cataloging agency ARTS
Transcribing agency ARTS
Language of cataloging hin
041 ## - LANGUAGE CODE
Source of code hin
Language code of text/sound track or separate title hin
100 ## - MAIN ENTRY--PERSONAL NAME
Personal name बंद्योपाध्याय, शेखर; नरेश, 'नदीम'
9 (RLIN) 159554
245 #0 - TITLE STATEMENT
Title पलासी से विभाजन तक
Remainder of title आधुनिक भारत का इतिहास
246 ## - VARYING FORM OF TITLE
Title proper/short title Palāsī se vibhājan taka: ādhunik bhārat kā itihāsa
260 ## - PUBLICATION, DISTRIBUTION, ETC.
Place of publication, distribution, etc. नई दिल्ली
Name of publisher, distributor, etc. ओरियंट ब्लैकस्वॉन
Date of publication, distribution, etc. 2009
300 ## - PHYSICAL DESCRIPTION
Extent 566पृ.
Dimensions cm.
650 ## - SUBJECT ADDED ENTRY--TOPICAL TERM
Topical term or geographic name entry element विश्व-इतिहास
9 (RLIN) 159555
942 ## - ADDED ENTRY ELEMENTS (KOHA)
Classification part V2.N7, 152P9
Koha item type Textual
Source of classification or shelving scheme Colon Classification (CC)
Holdings
Withdrawn status Lost status Damaged status Not for loan Home library Current library Date acquired Source of acquisition Cost, normal purchase price Total Checkouts Full call number Barcode Date last seen Date last checked out Cost, replacement price Price effective from Koha item type
        Arts Library Central Library 2022-09-23 148, 01/09/2012, Eastern Book Linkers 275.00 1 V2.N7 152P9 AL1487945 2026-03-07 2026-01-07 275.00 2022-09-23 Textual
Copyright @ Delhi University Library System